Statistics for Seven most populous cities of North Dakota in 45 seconds

Click here to take the quiz!

General Stats

  • This quiz has been taken 38 times
  • The average score is 5 of 7

Answer Stats

PopulationAnswer% Correct
120,762Fargo
100%
72,417Bismarck
91%
57,339Grand Forks
79%
48,743Minot
76%
34,858West Fargo
62%
22,993Dickinson
41%
26,426Williston
38%

Score Distribution

Percentile by Number Answered

Percent of People with Each Score

Your Score History

You have not taken this quiz